| 000 | 00507nam a2200157Ia 4500 | ||
|---|---|---|---|
| 999 |
_c20488 _d20488 |
||
| 003 | OSt | ||
| 005 | 20200609105220.0 | ||
| 008 | 190216s9999||||xx |||||||||||||| ||und|| | ||
| 040 | _coclc | ||
| 082 |
_a320.540954 _bBAK/G |
||
| 100 | 1 |
_aBakshi, S. R. _9124 _d1935- _q(Shiri Ram), |
|
| 245 | 0 |
_aGandhi And The Mass Movements / _cS R Bakshi |
|
| 260 |
_bAtlantic Publications & Distributors, _c1988. _aNew Delhi: |
||
| 300 | _a320p | ||
| 942 |
_cBK _2ddc _h320.540954 _iBAK/G _k320.540954 _mBAK/G |
||